| 000 | 01361na a2200385 4500 | ||
|---|---|---|---|
| 999 |
_c9011 _d9011 |
||
| 001 | 20097 | ||
| 003 | MIRAKIL | ||
| 005 | 20201231121754.0 | ||
| 008 | 170111b tu 000 0 | ||
| 035 | _a20097 | ||
| 040 |
_aMilas _btur _cTR-AnCHP |
||
| 041 | _atur | ||
| 082 |
_aCHP 324.2372 _bC36p 1993 |
||
| 090 | _aBROŞÜR 390 | ||
| 110 | _aCumhuriyet Halk Partisi (CHP) | ||
| 222 | _aProgramlar | ||
| 245 |
_aCumhuriyet Halk Partisi programı _bYeni hedefler yeni Türkiye _cCHP |
||
| 246 | _aCHP 1993 programı | ||
| 246 | _aCumhuriyet Halk Partisi programı | ||
| 246 | _aCHP programı | ||
| 260 |
_aAnkara _bCHP _c1993 |
||
| 300 |
_a112 s. _c24 sm. |
||
| 440 |
_aCumhuriyet Halk Partisi yayınları _pProgramlar |
||
| 500 | _a15 Aralık 1993 tarihinde parti meclisince benimsenen tasarı | ||
| 500 | _aKütüphaneciden çevrimdışı versiyonu sağlanabilir. | ||
| 610 |
_aCumhuriyet Halk Partisi (CHP) _xKurultaylar, 1993 |
||
| 610 |
_aCumhuriyet Halk Partisi (CHP) _xProgramlar, 1993 |
||
| 651 |
_aTürkiye _xSiyaset ve yönetim _y1993-1995 |
||
| 740 | _a15 Aralık 1993 tarihinde parti meclisince benimsenen tasarı | ||
| 830 | _aCHP programları | ||
| 942 |
_2ddc _cBKS |
||
| 999 | _d9011 | ||